000 00289nam a22001097a 4500
008 160513b xxu||||| |||| 00| 0 eng d
020 _a0914362461
041 _aeng
080 _a611
245 _aPediatric education in the 21 st century:
_cCbaired by Barry Zuckerman M.D;
942 _2udc
_cBK
999 _c2149
_d2149